[Event "PRAGUE OPEN 2020 - A - IM open"]
[Site "?"]
[Date "2020.01.13"]
[Round "5"]
[White "Smolik, Jachym"]
[Black "Kozak, Antoni"]
[Result "0-1"]
[BlackElo "2380"]
[WhiteElo "2025"]
[LiveChessVersion "1.4.8"]

1. d4 {[%clk 1:30:56]} Nf6 {[%clk 1:30:39]} 2. Nf3 {[%clk 1:31:13]} c5
{[%clk 1:31:06]} 3. d5 {[%clk 1:31:36]} b5 {[%clk 1:31:30]} 4. Bg5
{[%clk 1:31:59]} Qb6 {[%clk 1:27:01]} 5. Nbd2 {[%clk 1:29:40]} Nxd5
{[%clk 1:18:12]} 6. e4 {[%clk 1:25:08]} Nc7 {[%clk 1:17:54]} 7. Be2
{[%clk 1:23:11]} g6 {[%clk 1:12:07]} 8. O-O {[%clk 1:20:32]} Bg7 {[%clk 1:11:29]}
9. c3 {[%clk 1:20:15]} Nc6 {[%clk 1:10:59]} 10. h4 {[%clk 1:17:58]} Ne6
{[%clk 1:05:22]} 11. Be3 {[%clk 1:16:59]} a6 {[%clk 0:59:51]} 12. Nh2
{[%clk 1:13:12]} d6 {[%clk 0:48:31]} 13. Qc2 {[%clk 1:10:23]} Bb7
{[%clk 0:46:42]} 14. Bg4 {[%clk 1:06:29]} Nf8 {[%clk 0:33:50]} 15. f4
{[%clk 0:59:08]} Qc7 {[%clk 0:33:47]} 16. Bh3 {[%clk 0:54:19]} Nd7
{[%clk 0:33:40]} 17. Rac1 {[%clk 0:51:23]} Nf6 {[%clk 0:26:56]} 18. Rf2
{[%clk 0:44:57]} e6 {[%clk 0:25:50]} 19. Nhf3 {[%clk 0:42:48]} Ne7
{[%clk 0:22:32]} 20. g4 {[%clk 0:39:40]} h5 {[%clk 0:21:55]} 21. g5
{[%clk 0:35:58]} Ng4 {[%clk 0:21:47]} 22. Re2 {[%clk 0:36:04]} d5
{[%clk 0:21:24]} 23. e5 {[%clk 0:34:40]} Nf5 {[%clk 0:21:40]} 24. Bf2
{[%clk 0:34:31]} Bf8 {[%clk 0:20:09]} 25. b3 {[%clk 0:33:22]} Be7
{[%clk 0:20:27]} 26. Qb1 {[%clk 0:30:27]} Kf8 {[%clk 0:20:38]} 27. Be1
{[%clk 0:28:49]} Kg7 {[%clk 0:21:02]} 28. Nh2 {[%clk 0:27:15]} Rad8
{[%clk 0:18:21]} 29. Bxg4 {[%clk 0:24:36]} hxg4 {[%clk 0:18:46]} 30. Nxg4
{[%clk 0:25:03]} d4 {[%clk 0:18:18]} 31. Rh2 {[%clk 0:18:12]} Qc6
{[%clk 0:18:42]} 32. c4 {[%clk 0:16:29]} Nxh4 {[%clk 0:18:48]} 33. Bxh4
{[%clk 0:16:11]} Rxh4 {[%clk 0:19:15]} 0-1

[Event "PRAGUE OPEN 2020 - A - IM open"]
[Site "?"]
[Date "2020.01.13"]
[Round "5"]
[White "Laxman, R.R."]
[Black "Nahornyi, Ihor"]
[Result "1-0"]
[BlackElo "2074"]
[WhiteElo "2441"]
[LiveChessVersion "1.4.8"]

1. d4 Nf6 2. Nf3 e6 3. c4 b6 4. a3 Bb7 5. Nc3 d5 6. cxd5 exd5 7. Bf4 Bd6 8. Bxd6
Qxd6 9. Rc1 c6 10. e3 O-O 11. Bd3 Ba6 12. O-O Bxd3 13. Qxd3 Nbd7 14. Rc2 Rfe8 15.
Rfc1 a5 16. Na4 Rec8 17. h3 h6 18. Ne5 b5 19. Nxd7 Nxd7 20. Nc5 Nb6 21. e4 dxe4
22. Nxe4 Qd7 23. Qg3 Qxd4 24. Nd6 Rd8 25. Rxc6 Nc4 26. Nxb5 Qxb2 27. R6xc4 Qxb5
28. Rg4 g6 29. Rxg6+ fxg6 30. Qxg6+ Kf8 31. Qf6+ Kg8 32. Rc7 Qb1+ 33. Kh2 Qh7 34.
Rxh7 Kxh7 35. Qf7+ Kh8 36. Qg6 Rf8 37. Qxh6+ Kg8 38. Qg6+ Kh8 39. f4 Rae8 40.
Qh5+ Kg8 41. Qxa5 Rf7 42. f5 Ref8 43. Qd5 Kg7 44. Qe5+ Kh7 45. g4 1-0

[Event "PRAGUE OPEN 2020 - A - IM open"]
[Site "Praha, Olympik hotel"]
[Date "2020.01.13"]
[Round "5"]
[White "CHYZY, Jakub"]
[Black "CZERNEK, Tymon"]
[Result "1/2-1/2"]
[WhiteElo "2291"]
[BlackElo "2038"]
[PlyCount "51"]
[EventDate "2020.01.10"]

1. e4 c6 2. d4 d5 3. e5 c5 4. dxc5 e6 5. Be3 Nd7 6. Nf3 Bxc5 7. Bxc5 Nxc5 8. c4
Ne7 9. Nc3 O-O 10. cxd5 exd5 11. Be2 Ne4 12. O-O Nxc3 13. bxc3 Nc6 14. Qb3 Re8
15. Rad1 Nxe5 16. Rxd5 Nxf3+ 17. Bxf3 Qc7 18. Qb5 Be6 19. Rc5 Qe7 20. Re5 Qc7
21. Rfe1 Qxc3 22. Qxb7 Rab8 23. Qe4 g6 24. h3 Rb4 25. Qe3 Rc8 26. Ra5 1/2-1/2

[Event "PRAGUE OPEN 2020 - A - IM open"]
[Site "Praha, Olympik hotel"]
[Date "2020.01.13"]
[Round "5"]
[White "DOURIET DUANY, Alexis"]
[Black "PRIBYL, Viktor"]
[Result "1/2-1/2"]
[WhiteElo "2212"]
[BlackElo "2028"]
[PlyCount "61"]
[EventDate "2020.01.10"]

1. d4 Nf6 2. c4 g6 3. Nf3 Bg7 4. Nc3 d5 5. e3 O-O 6. Bd2 c6 7. Rc1 Ne4 8. Bd3
Bf5 9. Qc2 Nxd2 10. Qxd2 Bxd3 11. Qxd3 dxc4 12. Qxc4 Nd7 13. O-O e5 14. Rfd1
exd4 15. Nxd4 Qe7 16. Qb3 Nf6 17. Nf3 Rfd8 18. Rxd8+ Rxd8 19. Rd1 Rxd1+ 20.
Qxd1 Qd7 21. Qb3 h6 22. h3 Nh7 23. Ne2 Nf8 24. Nf4 c5 25. Qc2 b6 26. b3 Ne6 27.
Nxe6 Qxe6 28. a4 Qf6 29. Kf1 Qa1+ 30. Ke2 Bc3 31. Kd3 1/2-1/2

[Event "PRAGUE OPEN 2020 - A - IM open"]
[Site "Praha, Olympik hotel"]
[Date "2020.01.13"]
[Round "5"]
[White "FOO, William J"]
[Black "HERTLEIN, Irena"]
[Result "1-0"]
[WhiteElo "2186"]
[BlackElo "1825"]
[PlyCount "55"]
[EventDate "2020.01.10"]

1. Nf3 d5 2. d4 e6 3. c4 c5 4. Nc3 Nc6 5. g3 dxc4 6. Be3 cxd4 7. Nxd4 Nxd4 8.
Bxd4 Nf6 9. Bg2 Be7 10. Qa4+ Bd7 11. Qxc4 Rc8 12. Qd3 Bc6 13. Bxc6+ Rxc6 14.
Bxa7 Qxd3 15. exd3 Bb4 16. Bd4 O-O 17. Bxf6 gxf6 18. Kd2 Rd8 19. Rhd1 Bxc3+ 20.
bxc3 Ra6 21. a4 Rda8 22. Rdb1 Rxa4 23. Rxa4 Rxa4 24. Rxb7 e5 25. c4 Ra2+ 26.
Kc3 Rxf2 27. Kb3 Kf8 28. c5 1-0

[Event "PRAGUE OPEN 2020 - A - IM open"]
[Site "Praha, Olympik hotel"]
[Date "2020.01.13"]
[Round "5"]
[White "SKURNIAK, Szymon"]
[Black "WILEY, Tom E"]
[Result "0-1"]
[WhiteElo "2030"]
[BlackElo "2170"]
[PlyCount "66"]
[EventDate "2020.01.10"]

1. e4 e6 2. d4 d5 3. Bd3 dxe4 4. Bxe4 Nf6 5. Bf3 c5 6. Ne2 Nc6 7. Be3 cxd4 8.
Nxd4 Ne5 9. O-O Be7 10. Nc3 O-O 11. Be2 Bd7 12. h3 a6 13. Nf3 Nxf3+ 14. Bxf3
Qc7 15. Qd4 Bc6 16. Qc4 Rac8 17. Bxc6 Qxc6 18. Qxc6 Rxc6 19. Rfd1 Bb4 20. Bd4
Bxc3 21. Bxc3 Nd5 22. Rd3 b5 23. Rc1 Rfc8 24. Bd4 Rxc2 25. Rxc2 Rxc2 26. Ra3
Rc6 27. g3 f6 28. f4 h5 29. Kf2 h4 30. Kf3 hxg3 31. Kxg3 Kf7 32. Kg4 Rc4 33.
Rd3 Nxf4 0-1

[Event "PRAGUE OPEN 2020 - A - IM open"]
[Site "Praha, Olympik hotel"]
[Date "2020.01.13"]
[Round "5"]
[White "WIKAR, Martyna"]
[Black "LYS, Josef"]
[Result "1-0"]
[WhiteElo "1978"]
[BlackElo "2152"]
[PlyCount "60"]
[EventDate "2020.01.10"]

1. Nf3 d5 2. g3 c6 3. Bg2 Bf5 4. d3 h6 5. O-O Nd7 6. c4 e6 7. Nc3 Ngf6 8. cxd5
cxd5 9. e4 dxe4 10. dxe4 Bg4 11. e5 Nd5 12. Nxd5 exd5 13. Qxd5 Nc5 14. Qxd8+
Rxd8 15. Be3 Be7 16. Rac1 b6 17. Nd4 Nd3 18. Rc7 Bc5 19. Nc6 Rc8 20. Rxc8+ Bxc8
21. Rd1 Bf5 22. Bf1 Bxe3 23. Bxd3 Bd7 24. Nxa7 Bc5 25. Nb5 Ke7 26. a3 Ke6 27.
b4 Be7 28. f4 Rd8 29. Nd4+ Kd5 30. Nf5 Ke6 1-0

[Event "PRAGUE OPEN 2020 - A - IM open"]
[Site "Praha, Olympik hotel"]
[Date "2020.01.13"]
[Round "5"]
[White "OCHEDZAN, Tymon"]
[Black "JUHANAK, Daniel"]
[Result "1-0"]
[WhiteElo "2140"]
[BlackElo "1567"]
[PlyCount "77"]
[EventDate "2020.01.10"]

1. e4 e6 2. d4 d5 3. Nc3 Nf6 4. e5 Nfd7 5. f4 c5 6. Nf3 Nc6 7. Be3 cxd4 8. Nxd4
Qb6 9. a3 Bc5 10. Na4 Qa5+ 11. c3 Bxd4 12. Bxd4 Nxd4 13. Qxd4 O-O 14. Bd3 b6
15. Qb4 Qxb4 16. axb4 a5 17. bxa5 Rxa5 18. b4 Ra8 19. O-O Ba6 20. Nxb6 Nxb6 21.
Rxa6 Rxa6 22. Bxa6 Ra8 23. Ra1 Kf8 24. Kf2 Ke7 25. Ra5 Kd7 26. Ke3 Kc7 27. Kd4
Nd7 28. Bb5 Nb6 29. Kc5 f6 30. Bc6 Rxa5+ 31. bxa5 Nc8 32. a6 fxe5 33. fxe5 Na7
34. Bb7 g6 35. g3 h6 36. h3 g5 37. g4 Nc8 38. Bxc8 Kxc8 39. Kd6 1-0

[Event "PRAGUE OPEN 2020 - A - IM open"]
[Site "Praha, Olympik hotel"]
[Date "2020.01.13"]
[Round "5"]
[White "PRIBYLOVA, Sofie"]
[Black "FISER, Jiri"]
[Result "1-0"]
[WhiteElo "2156"]
[BlackElo "1935"]
[PlyCount "34"]
[EventDate "2020.01.10"]

1. Nf3 c5 2. c4 Nc6 3. Nc3 g6 4. d4 cxd4 5. Nxd4 Bg7 6. Nc2 Nf6 7. e4 d6 8. Be2
O-O 9. Be3 a6 10. f3 Be6 11. O-O Rc8 12. Qd2 Nd7 13. Rac1 Nce5 14. b3 f5 15. f4
Ng4 16. exf5 Nxe3 17. Nxe3 Bxc3 1-0

[Event "PRAGUE OPEN 2020 - A - IM open"]
[Site "Praha, Olympik hotel"]
[Date "2020.01.13"]
[Round "5"]
[White "SOVINA, Maria"]
[Black "ERIKSSON, Christian Altenburg"]
[Result "1/2-1/2"]
[WhiteElo "1943"]
[BlackElo "2121"]
[PlyCount "57"]
[EventDate "2020.01.10"]

1. d4 d5 2. c4 c6 3. Nf3 Nf6 4. e3 Bf5 5. Nc3 e6 6. Bd3 Bxd3 7. Qxd3 Nbd7 8.
O-O Be7 9. b3 O-O 10. e4 Nxe4 11. Nxe4 dxe4 12. Qxe4 Qa5 13. Bd2 Qh5 14. Rfe1
Rfe8 15. Rad1 Nf6 16. Qe5 Qxe5 17. dxe5 Nd7 18. Bg5 Nxe5 19. Rxe5 f6 20. Rxe6
fxg5 21. Rde1 Kf7 22. Nd4 Bf6 23. Rxe8 Rxe8 24. Rxe8 Kxe8 25. Nc2 Ke7 26. Kf1
Ke6 27. Ke2 Be5 28. h3 Kf5 29. Kf3 1/2-1/2

[Event "PRAGUE OPEN 2020 - A - IM open"]
[Site "Praha, Olympik hotel"]
[Date "2020.01.13"]
[Round "5"]
[White "HLAVINA, Matous"]
[Black "NIECHOTZ, Christopher"]
[Result "1-0"]
[WhiteElo "1942"]
[BlackElo "2107"]
[PlyCount "52"]
[EventDate "2020.01.10"]

1. e4 e5 2. Nf3 Nc6 3. d4 exd4 4. Nxd4 Nf6 5. Nxc6 bxc6 6. e5 Qe7 7. Qe2 Nd5 8.
c4 Ba6 9. Nd2 Nb4 10. Nf3 c5 11. a3 Nc6 12. Bd2 d5 13. exd6 Qxe2+ 14. Bxe2 Bxd6
15. Bc3 O-O 16. O-O Rfe8 17. Rfe1 Rad8 18. Bf1 Kf8 19. b4 Rxe1 20. Bxe1 Bc8 21.
b5 Ne5 22. Nxe5 Bxe5 23. Rc1 Bf5 24. Ba5 Bf4 25. Re1 f6 26. g3 Bd2 1-0

[Event "PRAGUE OPEN 2020 - A - IM open"]
[Site "Praha, Olympik hotel"]
[Date "2020.01.13"]
[Round "5"]
[White "ZEMLICKA, Vit"]
[Black "TSOTSONAVA, Elene"]
[Result "1-0"]
[WhiteElo "1935"]
[BlackElo "2078"]
[PlyCount "73"]
[EventDate "2020.01.10"]

1. e4 c5 2. Nf3 e6 3. d4 cxd4 4. Nxd4 Nc6 5. Nc3 Qc7 6. Be3 a6 7. Qf3 Nf6 8.
O-O-O Nxd4 9. Bxd4 e5 10. Be3 d6 11. Qg3 Be6 12. f3 Rc8 13. Qf2 b5 14. a3 Be7
15. g4 Qb7 16. g5 Nd7 17. Nd5 Bxd5 18. Rxd5 f5 19. Bh3 O-O 20. Qd2 fxe4 21.
fxe4 a5 22. Be6+ Kh8 23. h4 Rc4 24. Qd3 Rf3 25. Rf1 Nc5 26. Rxc5 Qxe4 27. Rc8+
Rxc8 28. Qxe4 Rxf1+ 29. Kd2 Rcf8 30. Qb7 Bd8 31. h5 Re8 32. Qxb5 Rff8 33. Bd5
Re7 34. h6 gxh6 35. gxh6 Ree8 36. c4 Bc7 37. Qd7 1-0

[Event "PRAGUE OPEN 2020 - A - IM open"]
[Site "Praha, Olympik hotel"]
[Date "2020.01.13"]
[Round "5"]
[White "CERVENKA, Petr"]
[Black "MARTYNYUK, Elizaveta"]
[Result "0-1"]
[WhiteElo "1879"]
[BlackElo "2053"]
[PlyCount "63"]
[EventDate "2020.01.10"]

1. e4 c5 2. Nc3 Nc6 3. g3 g6 4. Bg2 Bg7 5. d3 d6 6. f4 e6 7. Nf3 Nge7 8. Be3
O-O 9. O-O Nd4 10. e5 Nef5 11. Bf2 Rb8 12. Ne4 Nxf3+ 13. Qxf3 b6 14. g4 Bb7 15.
Qh3 Bxe4 16. dxe4 Nd4 17. Bxd4 cxd4 18. exd6 e5 19. f5 Rc8 20. Rf2 Bf6 21. Rd1
Bg5 22. Re2 Rc6 23. Qg3 Rxd6 24. Rd3 a5 25. c3 Be7 26. Qf3 dxc3 27. Rxd6 Bxd6
28. bxc3 Bc5+ 29. Kh1 Qg5 30. h3 Qc1+ 31. Re1 Qf4 32. Qg3 0-1

[Event "PRAGUE OPEN 2020 - A - IM open"]
[Site "Praha, Olympik hotel"]
[Date "2020.01.13"]
[Round "5"]
[White "TESAR, Jan"]
[Black "ACEVEDO MENDEZ, Lisseth"]
[Result "1-0"]
[WhiteElo "2001"]
[BlackElo "1864"]
[PlyCount "55"]
[EventDate "2020.01.10"]

1. d4 f5 2. g3 Nf6 3. Bg2 e6 4. Nf3 d5 5. Ne5 Nc6 6. c4 Bb4+ 7. Kf1 O-O 8. Nxc6
bxc6 9. c5 Ne4 10. Bxe4 dxe4 11. Qb3 Rb8 12. Qc4 f4 13. a3 fxg3 14. hxg3 Qf6
15. Be3 Bxc5 16. Qxc5 Rxb2 17. Qc3 Rxe2 18. Kxe2 Qf3+ 19. Kd2 Qxh1 20. Qc1 Qf3
21. Qxc6 Rd8 22. Nc3 e5 23. Qxc7 Rxd4+ 24. Bxd4 Qd3+ 25. Ke1 exd4 26. Qxc8+ Kf7
27. Qf5+ Kg8 28. Nxe4 1-0

[Event "PRAGUE OPEN 2020 - A - IM open"]
[Site "Praha, Olympik hotel"]
[Date "2020.01.13"]
[Round "5"]
[White "NEMEC, Jachym"]
[Black "PAWICKA, Magdalena"]
[Result "1-0"]
[WhiteElo "1988"]
[BlackElo "1860"]
[PlyCount "39"]
[EventDate "2020.01.10"]

1. e4 e5 2. Nf3 Nc6 3. Bb5 Nge7 4. c3 d5 5. O-O dxe4 6. Nxe5 Qd5 7. Nxc6 Nxc6
8. c4 Qe5 9. d4 Qf6 10. d5 a6 11. Ba4 b5 12. cxb5 Ne5 13. b6+ Bd7 14. Bxd7+
Nxd7 15. bxc7 Bd6 16. Nc3 Nc5 17. Nxe4 Nxe4 18. Qa4+ Kf8 19. Qxe4 Re8 20. Qxe8+
1-0

[Event "PRAGUE OPEN 2020 - A - IM open"]
[Site "Praha, Olympik hotel"]
[Date "2020.01.13"]
[Round "5"]
[White "GRICHKEVITCH, Gilles"]
[Black "AIRD, Ian"]
[Result "1/2-1/2"]
[WhiteElo "1985"]
[BlackElo "1857"]
[PlyCount "59"]
[EventDate "2020.01.10"]

1. e4 c5 2. Nf3 Nc6 3. Nc3 e5 4. Bc4 Be7 5. d3 Nf6 6. Ng5 O-O 7. f4 h6 8. Nf3
exf4 9. Bxf4 d6 10. a3 Be6 11. Nd5 Nd7 12. c3 Nde5 13. Ba2 Bf6 14. O-O Nxf3+
15. Qxf3 Be5 16. Be3 Qh4 17. g3 Qh3 18. Rad1 Bg4 19. Qf2 Bxd1 20. Rxd1 Rac8 21.
b4 cxb4 22. axb4 b5 23. Rf1 Bxc3 24. Nxc3 Nxb4 25. Bxf7+ Kh8 26. Bd4 Nxd3 27.
Bxg7+ Kxg7 28. Qf6+ Kh7 29. Qg6+ Kh8 30. Qf6+ 1/2-1/2

[Event "PRAGUE OPEN 2020 - B - FIDE open"]
[Site "Praha, Olympik hotel"]
[Date "2020.01.13"]
[Round "5"]
[White "PACL, Vaclav"]
[Black "KUSAK, Lubomir"]
[Result "1/2-1/2"]
[WhiteElo "2042"]
[BlackElo "1767"]
[PlyCount "45"]
[EventDate "2020.01.10"]

1. Nf3 d5 2. e3 Nf6 3. c4 c6 4. Nc3 g6 5. d4 Bg7 6. Be2 O-O 7. O-O Nbd7 8. Qc2
Re8 9. Rd1 Nb6 10. cxd5 cxd5 11. Bd2 Bf5 12. Qb3 Rc8 13. Rac1 h6 14. a4 Ne4 15.
Be1 e6 16. a5 Nc4 17. Nxe4 Bxe4 18. Qxb7 Re7 19. Qa6 Rec7 20. Bc3 g5 21. Ne5
Nxe5 22. dxe5 Bxe5 23. Bd3 1/2-1/2

[Event "PRAGUE OPEN 2020 - B - FIDE open"]
[Site "Praha, Olympik hotel"]
[Date "2020.01.13"]
[Round "5"]
[White "KYLAR, Miroslav"]
[Black "ARSH, Shah"]
[Result "1-0"]
[WhiteElo "1899"]
[BlackElo "1459"]
[PlyCount "48"]
[EventDate "2020.01.10"]

1. Nf3 Nf6 2. c4 e6 3. Nc3 d5 4. e3 Nbd7 5. d4 Bd6 6. b3 b6 7. cxd5 Nxd5 8.
Nxd5 exd5 9. Bb5 O-O 10. Bc6 Rb8 11. Bxd5 Nf6 12. Bc6 Ba6 13. Bd2 Qe7 14. Qc2
Ba3 15. Ne5 Nh5 16. Nd7 Nf4 17. Ne5 Nh5 18. Bf3 Nf4 19. g3 f6 20. Nc6 Nd3+ 21.
Qxd3 Bxd3 22. Nxe7+ Kf7 23. Nc6 Rbe8 24. Be2 Rd8 1-0

[Event "PRAGUE OPEN 2020 - B - FIDE open"]
[Site "Praha, Olympik hotel"]
[Date "2020.01.13"]
[Round "5"]
[White "KISELEVA, Elizaveta"]
[Black "PALKA, Miroslav"]
[Result "1/2-1/2"]
[WhiteElo "1668"]
[BlackElo "1860"]
[PlyCount "70"]
[EventDate "2020.01.10"]

1. e4 c5 2. Nf3 d6 3. d4 cxd4 4. Nxd4 Nf6 5. Nc3 g6 6. f3 Bg7 7. Be3 O-O 8. Bc4
Nc6 9. Qd2 Bd7 10. O-O-O Ne5 11. Bb3 Qa5 12. Nd5 Qxd2+ 13. Rxd2 Nxd5 14. Bxd5
Nc6 15. Nxc6 bxc6 16. Bb3 c5 17. Kb1 Rab8 18. Bxc5 dxc5 19. Rxd7 c4 20. Bxc4
Rxb2+ 21. Kc1 Rb4 22. Bb3 a5 23. Ra7 Rb5 24. Rd1 e6 25. Rdd7 Bh6+ 26. Kd1 Be3
27. Rab7 Rxb7 28. Rxb7 Rd8+ 29. Ke2 Bd2 30. Ba4 Bb4 31. Rd7 Rxd7 32. Bxd7 Kf8
33. Kd3 Ke7 34. Bb5 Bd6 35. h3 Bc7 1/2-1/2

[Event "PRAGUE OPEN 2020 - B - FIDE open"]
[Site "Praha, Olympik hotel"]
[Date "2020.01.13"]
[Round "5"]
[White "ZAMORSKY, Ladislav"]
[Black "KOLMAS, Oldrich"]
[Result "1-0"]
[WhiteElo "1804"]
[BlackElo "1711"]
[PlyCount "61"]
[EventDate "2020.01.10"]

1. e4 e5 2. Nf3 Nc6 3. Bb5 a6 4. Ba4 Nf6 5. O-O b5 6. Bb3 Be7 7. d4 d6 8. h3
O-O 9. c3 Nxe4 10. Bd5 Nxf2 11. Rxf2 Bb7 12. a4 h6 13. Na3 Qc8 14. Be3 exd4 15.
Nxd4 Nxd4 16. Qxd4 Bxd5 17. Qxd5 c6 18. Qd3 d5 19. Nc2 Qc7 20. Nd4 Bd6 21. Nf5
Be5 22. b4 Qd7 23. a5 Qe6 24. Re1 Rad8 25. Bd4 f6 26. Bc5 Rfe8 27. Nd4 Qd7 28.
Qg6 Kh8 29. Rf5 Rg8 30. Rh5 Rde8 31. Nf5 1-0

[Event "PRAGUE OPEN 2020 - B - FIDE open"]
[Site "Praha, Olympik hotel"]
[Date "2020.01.13"]
[Round "5"]
[White "LOBUNETS, Vladimir"]
[Black "HESTHOLM, Gustav"]
[Result "1/2-1/2"]
[WhiteElo "1791"]
[BlackElo "1641"]
[PlyCount "40"]
[EventDate "2020.01.10"]

1. Nf3 d5 2. g3 b6 3. Bg2 Bb7 4. d4 Nf6 5. c4 e6 6. Nc3 Bd6 7. O-O O-O 8. Bg5
h6 9. Bxf6 Qxf6 10. cxd5 exd5 11. e3 Nd7 12. Qb3 Qe6 13. a4 Nf6 14. a5 Ba6 15.
Rfe1 Rfb8 16. Qc2 Ne4 17. axb6 axb6 18. Nxe4 dxe4 19. Nd2 f5 20. Qc3 Bb7
1/2-1/2

[Event "PRAGUE OPEN 2020 - B - FIDE open"]
[Site "Praha, Olympik hotel"]
[Date "2020.01.13"]
[Round "5"]
[White "ANDERSEN, Carsten"]
[Black "LU, Miaoyi"]
[Result "0-1"]
[WhiteElo "1625"]
[BlackElo "1734"]
[PlyCount "52"]
[EventDate "2020.01.10"]

1. e4 c6 2. d4 d5 3. exd5 cxd5 4. Bd3 Nc6 5. c3 Nf6 6. Nf3 Bg4 7. Nbd2 e6 8. h3
Bh5 9. Qc2 Bd6 10. O-O O-O 11. Re1 Rc8 12. g4 Bg6 13. Bxg6 hxg6 14. Nf1 Ne4 15.
Be3 b5 16. N1d2 f5 17. Nxe4 fxe4 18. Ng5 Nxd4 19. Qd2 Qxg5 20. Qxd4 Qh4 21. Kg2
Rf3 22. Rh1 Bc5 23. Qxc5 Rxc5 24. Bxc5 e5 25. Be3 Qf6 26. Rad1 Rxe3 0-1

[Event "PRAGUE OPEN 2020 - B - FIDE open"]
[Site "Praha, Olympik hotel"]
[Date "2020.01.13"]
[Round "5"]
[White "BJORNES, Leif"]
[Black "MACH, Petr"]
[Result "1/2-1/2"]
[WhiteElo "1857"]
[BlackElo "1649"]
[PlyCount "56"]
[EventDate "2020.01.10"]

1. d4 d5 2. c4 c6 3. Nf3 Nf6 4. Nc3 e6 5. Bg5 Nbd7 6. e3 Qa5 7. Nd2 Bd6 8. Nb3
Qd8 9. Be2 dxc4 10. Bxc4 Qc7 11. e4 e5 12. d5 b5 13. dxc6 bxc4 14. cxd7+ Qxd7
15. Nd2 Ba6 16. O-O O-O 17. Bxf6 gxf6 18. Nd5 Be7 19. Re1 f5 20. Nxe7+ Qxe7 21.
exf5 Qg5 22. Nf3 Qxf5 23. Rxe5 Qf6 24. Qc2 Rfe8 25. Rae1 Rxe5 26. Rxe5 Bb7 27.
Rf5 Qe6 28. Re5 Kh8 1/2-1/2

[Event "PRAGUE OPEN 2020 - B - FIDE open"]
[Site "Praha, Olympik hotel"]
[Date "2020.01.13"]
[Round "5"]
[White "LOIBL, Johann"]
[Black "CHON, Jeremy"]
[Result "1-0"]
[WhiteElo "1817"]
[BlackElo "1463"]
[PlyCount "35"]
[EventDate "2020.01.10"]

1. e4 c5 2. b4 cxb4 3. a3 d5 4. exd5 Qxd5 5. Nf3 Bg4 6. axb4 e5 7. Nc3 Qd8 8.
h3 Bf5 9. Bb5+ Nd7 10. Nxe5 Qe7 11. O-O Ngf6 12. Re1 Be6 13. Qf3 Qd8 14. Nxd7
Nxd7 15. Qxb7 Be7 16. Bxd7+ Bxd7 17. Nd5 Be6 18. Nc7+ 1-0

[Event "PRAGUE OPEN 2020 - B - FIDE open"]
[Site "Praha, Olympik hotel"]
[Date "2020.01.13"]
[Round "5"]
[White "SEINER, Frantisek"]
[Black "PINKAS, Jiri"]
[Result "1/2-1/2"]
[WhiteElo "1556"]
[BlackElo "1746"]
[PlyCount "57"]
[EventDate "2020.01.10"]

1. c4 Nf6 2. g3 g6 3. Bg2 Bg7 4. d4 c5 5. e3 O-O 6. Ne2 Nc6 7. Nbc3 d6 8. O-O
Rb8 9. b3 a6 10. d5 Na7 11. a4 Qc7 12. Bb2 b5 13. axb5 axb5 14. Qc2 bxc4 15.
bxc4 Bd7 16. Rfb1 Rb4 17. Na4 Rfb8 18. Nec3 Ng4 19. Bf1 Nc8 20. Ba3 Bxa4 21.
Nxa4 Bxa1 22. Bxb4 Rxb4 23. Rxa1 Qa5 24. Qa2 Ne5 25. Nb2 Qxa2 26. Rxa2 Kg7 27.
Nd3 Nxd3 28. Bxd3 Nb6 29. Rc2 1/2-1/2

[Event "PRAGUE OPEN 2020 - B - FIDE open"]
[Site "Praha, Olympik hotel"]
[Date "2020.01.13"]
[Round "5"]
[White "LANG, Anders"]
[Black "OMARSSON, Josef"]
[Result "1-0"]
[WhiteElo "1790"]
[BlackElo "1097"]
[PlyCount "45"]
[EventDate "2020.01.10"]

1. e4 d6 2. d4 g6 3. Nf3 Bg7 4. Bd3 Nf6 5. h3 c5 6. dxc5 dxc5 7. O-O O-O 8. Nc3
Nc6 9. Qe2 Qc7 10. e5 Ne8 11. Bf4 e6 12. Rad1 b6 13. Nb5 Qb8 14. Be4 Bb7 15.
Nd6 Nxd6 16. Rxd6 Nb4 17. Bxb7 Qxb7 18. a3 Nc6 19. Qb5 Rfc8 20. Rfd1 Qc7 21.
Qd3 Rab8 22. Qe4 Ne7 23. Rd8+ 1-0

[Event "PRAGUE OPEN 2020 - A - IM open"]
[Site "?"]
[Date "2020.01.14"]
[Round "6"]
[White "Quesada Perez, Luis Ernesto"]
[Black "Stankovic, Milos"]
[Result "1-0"]
[BlackElo "2466"]
[WhiteElo "2491"]
[LiveChessVersion "1.4.8"]

1. c4 {[%clk 1:28:21]} g6 {[%clk 1:28:53]} 2. Nc3 {[%clk 1:28:30]} Bg7
{[%clk 1:28:51]} 3. g3 {[%clk 1:25:53]} Nc6 {[%clk 1:28:50]} 4. Bg2
{[%clk 1:26:15]} d6 {[%clk 1:28:52]} 5. d3 {[%clk 1:24:16]} e5 {[%clk 1:28:42]}
6. e4 {[%clk 1:24:34]} Nge7 {[%clk 1:26:08]} 7. Nge2 {[%clk 1:24:54]} O-O
{[%clk 1:25:24]} 8. O-O {[%clk 1:25:20]} a6 {[%clk 1:24:10]} 9. b3
{[%clk 1:16:05]} Rb8 {[%clk 1:22:55]} 10. Nd5 {[%clk 1:16:14]} Nxd5
{[%clk 1:14:24]} 11. cxd5 {[%clk 1:16:29]} Ne7 {[%clk 1:13:29]} 12. Be3
{[%clk 1:16:40]} f5 {[%clk 1:07:24]} 13. Rc1 {[%clk 1:04:39]} c6 {[%clk 0:58:58]}
14. dxc6 {[%clk 1:04:41]} Nxc6 {[%clk 0:59:16]} 15. Qd2 {[%clk 0:53:15]} Be6
{[%clk 0:56:17]} 16. d4 {[%clk 0:51:39]} f4 {[%clk 0:43:52]} 17. gxf4
{[%clk 0:38:59]} exd4 {[%clk 0:41:57]} 18. Nxd4 {[%clk 0:39:27]} Nxd4
{[%clk 0:39:54]} 19. Bxd4 {[%clk 0:39:56]} Bxd4 {[%clk 0:39:57]} 20. Qxd4
{[%clk 0:40:24]} Rxf4 {[%clk 0:40:16]} 21. Rfd1 {[%clk 0:38:06]} Qg5
{[%clk 0:38:04]} 22. Qxd6 {[%clk 0:30:15]} Re8 {[%clk 0:38:08]} 23. Qc5
{[%clk 0:29:23]} Qh4 {[%clk 0:36:33]} 24. f3 {[%clk 0:28:22]} Ref8
{[%clk 0:30:07]} 25. Qe5 {[%clk 0:26:17]} Bh3 {[%clk 0:30:08]} 26. Rc7
{[%clk 0:23:39]} R4f6 {[%clk 0:29:56]} 27. Bxh3 {[%clk 0:17:32]} Qxh3
{[%clk 0:29:43]} 28. Rdd7 {[%clk 0:17:56]} Qh6 {[%clk 0:28:40]} 29. Kg2
{[%clk 0:18:15]} b5 {[%clk 0:27:10]} 30. h4 {[%clk 0:15:11]} Qxh4
{[%clk 0:24:15]} 31. Rg7+ {[%clk 0:15:16]} Kh8 {[%clk 0:24:43]} 32. Rgf7
{[%clk 0:15:31]} Kg8 {[%clk 0:25:06]} 33. Rxf8+ {[%clk 0:15:50]} 1-0